Geography Quiz

Random Geography or State Quiz

States that start and end in vowels Quiz Stats

 Plays Quiz not verified by Sporcle

Challenge
Share
Tweet
Embed
Score 0/8 Timer 01:00
0 Plays Today
State % Correct
Ohio
97.3%
Alabama
96.5%
Alaska
95.3%
Indiana
94.6%
Iowa
94.6%
Arizona
88%
Idaho
87.6%
Oklahoma
83.7%

You're not logged in!

Compare scores with friends on all Sporcle quizzes.
OR
Log In

You Might Also Like...

Show Comments

Extras

Created Jul 29, 2010ReportNominate
Tags:State Quiz, end, start, vowel

Top Quizzes Today


Score Distribution

Your Account Isn't Verified!

In order to create a playlist on Sporcle, you need to verify the email address you used during registration. Go to your Sporcle Settings to finish the process.

Report this User

Report this user for behavior that violates our Community Guidelines.

Details: